000 00661nam a22002417a 4500
001 94584
003 UA-OsUOA
005 20200926142952.0
007 ta
008 20130214b un ||||| |||| 00| 0 ukr d
040 _aUA-OsUOA
_brus
_cUA-OsUOA
_dUA-OsUOA
041 _arus
080 _a821.161.1
090 _a821.161.1
_bД70
100 _aДостоевский Ф.
245 _aПовести
260 _aЛьвів
_bКаменяр
_c1985
300 _a481 с.
650 7 _a82 Література. Літературознавство
_2UDC
942 _cBK
_2udc
955 _a3
999 _c380828
_d380828